000 00603nam a2200193Ia 4500
003 OSt
005 20250115101802.0
008 210210b1984 xxu||||| |||| 00| 0 eng d
040 _cAL
041 _aKannada
082 _aK894.308 MASM
100 _aMASTI VENKATESA IYENGAR.
_9135502
_dಮಾಸ್ತಿ ವೆಂಕಟೇಶ ಅಯ್ಯಂಗಾರ್.
245 _aMasti avara ayda kathegalu.
_bಮಾಸ್ತಿ ಅವರ ಆಯ್ದ ಕಥೆಗಳು
260 _aBengaluru
_bPurogami
_c1984
300 _avi,158
690 _aKannada Fiction
_9135503
906 _a038223
942 _2ddc
_cBK
999 _c88323
_d88323